LEADER 01018cam a2200229 i 4500 001 991001384409707536 008 110916m1964 gw 001 ger 035 $ab14005943-39ule_inst 040 $aDip.to SSC$bita 082 04$a016.78 245 00$aBibliographie des Musikschrifttums :$b1958-1959 /$cherausgegeben im Auftrage des Staatlichen Instituts fur Musikforschung der Stiftung Preussischer Kulturbesitz von Wolfgang Schmieder 260 $aFrankfurt am Maim :$bFriedrich Hofmeister,$c1964 300 $axvii, 346 p. ;$c24 cm 650 4$aMusica$vBibliografia 700 1 $aSchmieder, Wolfgang 710 2 $aStaatliches Institut fur Musikforschung der Stftung Preussischer Kulturbesitz 907 $a.b14005943$b16-09-11$c16-09-11 912 $a991001384409707536 945 $aLE021FD CG27BISA11$g1$lle023$nFondo D'Amico$o-$pE0.00$q-$rn$so $t0$u0$v0$w0$x0$y.i15319404$z16-09-11 996 $aBibliographie des Musikschrifttums$9241913 997 $aUNISALENTO 998 $ale021$b16-09-11$cm$da $e-$feng$ggw $h0$i0 LEADER 01266nam2 22002891i 450 001 UON00398058 005 20231205104643.951 100 $a20111006d1957 |0itac50 ba 101 $alit 102 $aUS 105 $a|||| 1|||| 200 1 $aSarunas$fVincas Kreve$g[redagavo Vincas Maciunas] 210 $a[Boston]$cLietuviu Enciklopedijos Leidykla$d[1957] 215 $a367 p.$d21 cm. 461 1$1001UON00398051$12001 $aRastai$fVincas Kreve$g[redagavo Vincas Maciunas]$1210 $a[Boston]$cLietuviu Enciklopedijos Leidykla$d[1956-1961]$1215 $a6 v.$d21 cm$1300 $aIl vol. 1 è stato pubblicato nel 1960.$v3 606 $aLETTERATURA LITUANA$3UONC079387$2FI 620 $aUS$dBoston$3UONL000139 676 $a891.92$cLETTERATURA LITUANA$v22 700 1$aKREVE-MICKEVICIUS$bVincas$3UONV204471$0634837 702 1$aMACIUNAS$bVincas$3UONV204472 712 $aLietuviu enciklopedijos leidykla$3UONV278619$4650 801 $aIT$bSOL$c20240220$gRICA 899 $aSIBA - SISTEMA BIBLIOTECARIO DI ATENEO$2UONSI 912 $aUON00398058 950 $aSIBA - SISTEMA BIBLIOTECARIO DI ATENEO$dSI SL FL 11 0093/3 $eSI MR 54574 5 0093/3 $sBuono 996 $aSarunas$91184264 997 $aUNIOR